1980s Celebrity Field Guide Quiz Stats

 Plays Quiz Updated Jan 22, 2017

Support Sporcle.
Go Orange.
Score 0/24 Timer 05:00
1 Play Today
% Correct
Eddie Murphy
96.3%
Molly Ringwald
94%
David Hasselhoff
93.4%
Meg Ryan
92.9%
Cyndi Lauper
92.7%
Billy Idol
90.9%
Ralph Macchio
88.7%
Kelly McGillis
86.5%
Phylicia Rashād
86.4%
Emilio Estevez
85.7%
Judd Nelson
83.5%
Anthony Michael Hall
82.6%
% Correct
Lorenzo Lamas
78.4%
Corey Feldman
76.7%
Simon Le Bon
74%
Corey Haim
72.8%
Pat Benatar
72.3%
Mark Mothersbaugh
70%
Laura Branigan
68.7%
Chrissie Hynde
68.1%
Lita Ford
66.7%
Kurtis Blow
63.1%
Kim Deal
63%
Grandmaster Flash
55.6%

From the Vault

Movie Set in a Single Day

by babymonkee

Movies 8m
It would be even more impressive if these movies were filmed in a single day.
Remove Ads.
Support Sporcle.
Get the best of Sporcle when you Go Orange. This ad-free experience offers more features, more stats, and more fun while also helping to support Sporcle. Thank you for becoming a member.

Show Comments

Extras

Top Quizzes Today


Score Distribution

Your Account Isn't Verified!

In order to create a playlist on Sporcle, you need to verify the email address you used during registration. Go to your Sporcle Settings to finish the process.

Report this User

Report this user for behavior that violates our Community Guidelines.

Details: